[Event "FIDE World Junior Chess Championship"]
[Site "Ahmedabad, India"]
[Date "2024.06.04"]
[Round "3.2"]
[White "Panda Sambit"]
[Black "Dudin, Gleb"]
[Result "0-1"]
[WhiteElo "2363"]
[BlackElo "2532"]
[PlyCount "117"]
[EventDate "2024.??.??"]

1. c4 Nf6 2. Nf3 e6 3. g3 d5 4. Bg2 Be7 5. O-O O-O 6. b3 b6 7. d4 Bb7 8. Nc3
Nbd7 9. Bb2 c5 10. Ne1 Rc8 11. cxd5 Nxd5 12. Nxd5 Bxd5 13. Bxd5 exd5 14. dxc5
Nxc5 15. Ng2 Ne6 16. Qd3 d4 17. Rac1 Bf6 18. Qf3 Bg5 19. Rxc8 Qxc8 20. h4 Bh6
21. Ne1 Bc1 22. Ba1 Bd2 23. Qd3 Bc3 24. Nf3 Qc5 25. Rd1 Re8 26. Kg2 Qc6 27. Rc1
Nc5 28. Qd1 Bxa1 29. Rxa1 Rd8 30. Rc1 Qa8 31. b4 Ne6 32. Qd3 h6 33. Kh2 Qd5 34.
Rc2 a5 35. a3 axb4 36. axb4 g6 37. e4 Qd6 38. h5 g5 39. Kg2 Qxb4 40. Ne5 Qd6
41. Ng4 Nc5 42. Qf3 Kg7 43. Ra2 Qe6 44. Ra7 Rd7 45. Rxd7 Nxd7 46. Qd1 Qxe4+ 47.
f3 Qd5 48. Ne3 Qa2+ 49. Nc2 Ne5 50. Kh3 Nxf3 51. Nxd4 Qh2+ 52. Kg4 Ne5+ 53. Kf5
Qxg3 54. Qc1 Nd3 55. Ke4 Nxc1 56. Nf5+ Kf6 57. Nxg3 Nb3 58. Kd5 Nc5 59. Kd4 0-1

[Event "FIDE World Junior Chess Championship"]
[Site "Ahmedabad, India"]
[Date "2024.06.05"]
[Round "4.1"]
[White "Dudin, Gleb"]
[Black "Cardoso Cardoso, Jose Gabriel"]
[Result "0-1"]
[WhiteElo "2532"]
[BlackElo "2497"]
[PlyCount "68"]
[EventDate "2024.??.??"]

1. d4 Nf6 2. c4 e6 3. g3 d5 4. Bg2 Bb4+ 5. Nd2 O-O 6. Ngf3 dxc4 7. Qc2 a5 8. a3
Bxd2+ 9. Bxd2 b5 10. a4 c6 11. h4 Ra6 12. h5 h6 13. g4 Nxg4 14. Rg1 f5 15. Bh3
e5 16. dxe5 Qe8 17. O-O-O Qxh5 18. Bc3 b4 19. Bd4 c3 20. Bc5 Re8 21. bxc3 Nd7
22. Bd6 Ndxe5 23. Bxe5 Nxe5 24. Nxe5 Rxe5 25. cxb4 Qxh3 26. Qb2 Qh2 27. Rg3 Re7
28. Rd8+ Kh7 29. Rxc8 Qxf2 30. Qc3 Qf1+ 31. Kb2 Rxe2+ 32. Ka3 axb4+ 33. Kxb4
Rxa4+ 34. Kxa4 Ra2+ 0-1

[Event "FIDE World Junior Chess Championship"]
[Site "Ahmedabad, India"]
[Date "2024.06.11"]
[Round "9.19"]
[White "Nandish V S"]
[Black "Dudin, Gleb"]
[Result "0-1"]
[WhiteElo "1981"]
[BlackElo "2532"]
[PlyCount "112"]
[EventDate "2024.??.??"]

1. d4 Nf6 2. c4 e6 3. Nc3 Bb4 4. e3 O-O 5. Nge2 Re8 6. a3 Bf8 7. d5 a5 8. g3
exd5 9. cxd5 Na6 10. Bg2 Nc5 11. b3 d6 12. O-O g6 13. f3 c6 14. Rb1 a4 15. b4
Nb3 16. e4 cxd5 17. Bg5 Be7 18. Bxf6 Bxf6 19. Nxd5 Be6 20. Nef4 Rc8 21. Kh1 Be5
22. Bh3 b5 23. Qd3 Rc4 24. Rbd1 Bxd5 25. Nxd5 Bb2 26. Ne3 Rc3 27. Qe2 Rxe3 28.
Qxe3 Bxa3 29. Qc3 Re7 30. Qc6 Bxb4 31. Qxb5 Qa5 32. Bd7 Qxb5 33. Bxb5 Ra7 34.
Rf2 a3 35. Bc4 Bc5 36. Ra2 Nd4 37. Rd3 Kg7 38. Bd5 h5 39. Kg2 Nb5 40. Rb3 Nd4
41. Rb1 Rc7 42. Rc1 Ra7 43. Rb1 f5 44. Rb8 Re7 45. h3 fxe4 46. fxe4 Ne6 47. Ra1
Nc7 48. Bc6 Na6 49. Rb7 Rxb7 50. Bxb7 Nc7 51. Bc6 Kf6 52. g4 h4 53. Kf3 g5 54.
Bd7 Ke5 55. Rd1 Bd4 56. Rd2 Bb2 0-1

[Event "FIDE World Junior Chess Championship"]
[Site "Ahmedabad, India"]
[Date "2024.06.05"]
[Round "4.14"]
[White "Ohanyan, Emin"]
[Black "Bodrogi, Bendeguz"]
[Result "1-0"]
[WhiteElo "2501"]
[BlackElo "2353"]
[PlyCount "86"]
[EventDate "2024.??.??"]

1. d4 d5 2. c4 e6 3. Nc3 a6 4. cxd5 exd5 5. Qb3 c5 6. Nxd5 Nc6 7. Nf3 cxd4 8.
e4 dxe3 9. Bc4 Na5 10. Qc3 Nxc4 11. Qxc4 Bd6 12. Bxe3 Be6 13. Qa4+ Qd7 14.
Qxd7+ Bxd7 15. Nb6 Rd8 16. O-O-O Bc6 17. Nc4 Bc7 18. Rxd8+ Kxd8 19. Nfe5 Ke8
20. Nxc6 bxc6 21. Bc5 h5 22. Re1+ Kd7 23. h4 Rh6 24. Ne5+ Bxe5 25. Rxe5 Rg6 26.
g3 Re6 27. Rxh5 Nf6 28. Rf5 Re1+ 29. Kd2 Ra1 30. Re5 Nd5 31. Re1 Rxa2 32. Ba3
c5 33. Rc1 c4 34. Rxc4 Ra1 35. Ra4 Nb6 36. Rxa6 Nc4+ 37. Kc2 f5 38. Ra4 Nxa3+
39. Rxa3 Rf1 40. Rf3 Ke6 41. b4 Ke5 42. b5 Ke4 43. Rf4+ Kd5 1-0

[Event "FIDE World Junior Chess Championship"]
[Site "Ahmedabad, India"]
[Date "2024.06.12"]
[Round "10.9"]
[White "Bodrogi, Bendeguz"]
[Black "Koelle, Tobias"]
[Result "0-1"]
[WhiteElo "2353"]
[BlackElo "2470"]
[PlyCount "80"]
[EventDate "2024.??.??"]

1. Nf3 d5 2. g3 b6 3. c4 dxc4 4. Na3 Bb7 5. Bg2 Nd7 6. Nxc4 e6 7. O-O Be7 8. a3
a5 9. Qa4 Ngf6 10. Nce5 O-O 11. Nc6 Qe8 12. Nxe7+ Qxe7 13. d4 h6 14. Bd2 c5 15.
Rfc1 Rfc8 16. e3 Qd6 17. Qd1 Bd5 18. a4 Qb8 19. Ra3 Qb7 20. dxc5 Nxc5 21. Ne1
Bxg2 22. Nxg2 Nfe4 23. Qe2 Rd8 24. Bc3 Ng5 25. h4 Nf3+ 26. Kf1 Qe4 27. Bd4 Nxd4
28. exd4 Qxd4 29. Rc4 Qd5 30. Rac3 Rd6 31. Qf3 Qxf3 32. Rxf3 Rd2 33. b4 axb4
34. Rxb4 Rxa4 35. Rxb6 Ra1+ 36. Ne1 Nd3 37. Rxd3 Rxd3 38. Ke2 Rd8 39. Rb2 Rda8
40. Rd2 R1a2 0-1

[Event "FIDE World Junior Chess Championship"]
[Site "Ahmedabad, India"]
[Date "2024.06.13"]
[Round "11.14"]
[White "Fromm, Marius"]
[Black "Bodrogi, Bendeguz"]
[Result "1/2-1/2"]
[WhiteElo "2465"]
[BlackElo "2353"]
[PlyCount "63"]
[EventDate "2024.??.??"]

1. e4 c6 2. d4 d5 3. exd5 cxd5 4. Bd3 Nf6 5. h3 Nc6 6. Nf3 Nb4 7. Nc3 e6 8. Bf4
a6 9. O-O Bd6 10. Bxd6 Qxd6 11. Re1 Nxd3 12. Qxd3 O-O 13. Ne2 Bd7 14. Ng3 b5
15. a3 b4 16. axb4 Qxb4 17. Reb1 a5 18. Ne5 Bb5 19. Qe3 Rfc8 20. c3 Qd6 21. Ne2
a4 22. Nf4 Be8 23. Rc1 a3 24. bxa3 Rxa3 25. Rxa3 Qxa3 26. c4 Qxe3 27. fxe3 dxc4
28. Rxc4 Rxc4 29. Nxc4 Ne4 30. Nd3 Kf8 31. Ncb2 Nc3 32. Nc5 1/2-1/2

[Event "FIDE World Junior Chess Championship"]
[Site "Gandhinagar, India"]
[Date "2024.06.02"]
[Round "1.19"]
[White "Kashthuri Bhai R"]
[Black "Sulyok, Eszter"]
[Result "1/2-1/2"]
[WhiteElo "1756"]
[BlackElo "2100"]
[PlyCount "91"]
[EventDate "2024.??.??"]

1. e4 c5 2. Nf3 e6 3. d4 cxd4 4. Nxd4 a6 5. Nc3 Qc7 6. Bd3 Nf6 7. O-O Bc5 8.
Be3 O-O 9. Kh1 Be7 10. f4 d6 11. Qf3 Nbd7 12. Rae1 Re8 13. Bf2 Nc5 14. Bg3 Nxd3
15. cxd3 Qc5 16. Nb3 Qh5 17. Ne2 Qxf3 18. Rxf3 Bd7 19. Bh4 Rac8 20. Ned4 Bd8
21. Ref1 Rf8 22. e5 Nd5 23. Bxd8 Rfxd8 24. Na5 Rb8 25. exd6 Be8 26. Nc4 b5 27.
Ne5 Rxd6 28. f5 Nf6 29. Nb3 exf5 30. Rxf5 Rc8 31. h3 Rc7 32. Kh2 Nd5 33. R5f3
f6 34. d4 h5 35. Nd3 Bg6 36. Ndc5 Nb4 37. a3 Nc2 38. Rg3 Kf7 39. h4 Nxd4 40.
Nxa6 Rcd7 41. Nac5 Re7 42. Nxd4 Rxd4 43. Kh3 Re5 44. Nb3 Ra4 45. Rgf3 Re2 46.
R1f2 1/2-1/2

[Event "FIDE World Junior Chess Championship"]
[Site "Gandhinagar, India"]
[Date "2024.06.03"]
[Round "2.24"]
[White "Sulyok, Eszter"]
[Black "Koksa, Jelena"]
[Result "1-0"]
[WhiteElo "2100"]
[BlackElo "1842"]
[PlyCount "163"]
[EventDate "2024.??.??"]

1. c4 e5 2. Nc3 Nc6 3. g3 g6 4. Bg2 Bg7 5. d3 d6 6. e3 Nge7 7. Nge2 O-O 8. O-O
Be6 9. Nd5 Rb8 10. a4 Qd7 11. Rb1 Nd8 12. b4 f5 13. b5 Nf7 14. Ba3 Nh6 15. d4
e4 16. Nxe7+ Qxe7 17. d5 Bf7 18. h3 Rfd8 19. Qd2 Be8 20. Nd4 Bd7 21. Rfc1 b6
22. Bb2 Rf8 23. Ra1 Nf7 24. a5 Ne5 25. axb6 axb6 26. Ra7 Nd3 27. Rca1 Rbc8 28.
Bc3 Nc5 29. Rf1 Qd8 30. Qa2 Ra8 31. Rxa8 Qxa8 32. Ra1 Qxa2 33. Rxa2 h6 34. Ra7
Rc8 35. Ne2 Bxc3 36. Nxc3 Kf7 37. Na2 Ke7 38. Nb4 Be8 39. f3 exf3 40. Bxf3 h5
41. g4 hxg4 42. hxg4 Bd7 43. g5 Be8 44. Kf2 Bd7 45. Kg3 Be8 46. Ra2 Bd7 47. Rh2
Kf7 48. Na6 Kg7 49. Nxc5 bxc5 50. Ra2 Kf7 51. Ra7 Ke8 52. Kf4 Kd8 53. e4 fxe4
54. Bxe4 Be8 55. Bd3 Rb8 56. Ra2 Bf7 57. Be4 Ke7 58. Ke3 Kd7 59. Rf2 Ke7 60.
Ra2 Kd7 61. Rh2 Ke7 62. Rh7 Rg8 63. Bd3 Ke8 64. Rh2 Ke7 65. Kf4 Kd7 66. Kg4 Ke7
67. Re2+ Kd7 68. Rf2 Ke7 69. Rf6 Rg7 70. Kg3 Rg8 71. Be2 Ra8 72. Rf3 Rf8 73.
Re3+ Kd7 74. Bg4+ Kd8 75. Ra3 Bg8 76. Ra8+ Ke7 77. Ra7 Kd8 78. b6 cxb6 79. Rd7+
Ke8 80. Rxd6 b5 81. cxb5 c4 82. b6 1-0

[Event "FIDE World Junior Chess Championship"]
[Site "Gandhinagar, India"]
[Date "2024.06.04"]
[Round "3.14"]
[White "Bhagyashree Patil"]
[Black "Sulyok, Eszter"]
[Result "1-0"]
[WhiteElo "1929"]
[BlackElo "2100"]
[PlyCount "69"]
[EventDate "2024.??.??"]

1. d4 d5 2. Nf3 c6 3. e3 Bf5 4. c4 e6 5. Nc3 Nd7 6. Qb3 Qc7 7. Bd2 Rc8 8. Be2
h6 9. O-O Ngf6 10. Rac1 Qb8 11. Ne5 Nxe5 12. dxe5 Nd7 13. cxd5 Nc5 14. Qd1 exd5
15. g4 Bh7 16. f4 Nd3 17. Bxd3 Bxd3 18. Ne2 Bh7 19. Ng3 Qc7 20. Qf3 Qd7 21. Bc3
Rg8 22. Rcd1 Bc5 23. Rd2 Qe7 24. a3 f6 25. Kh1 Kf7 26. e4 dxe4 27. Nxe4 Bxe4
28. Qxe4 Rgd8 29. Rfd1 Bb6 30. Qf5 Kg8 31. exf6 Qe3 32. f7+ Kf8 33. Rxd8+ Rxd8
34. Rxd8+ Bxd8 35. Bxg7+ 1-0

[Event "FIDE World Junior Chess Championship"]
[Site "Gandhinagar, India"]
[Date "2024.06.05"]
[Round "4.20"]
[White "Sulyok, Eszter"]
[Black "Chinnam Vyshnavi"]
[Result "0-1"]
[WhiteElo "2100"]
[BlackElo "1830"]
[PlyCount "68"]
[EventDate "2024.??.??"]

1. c4 c6 2. d4 d5 3. cxd5 cxd5 4. Nc3 Nf6 5. Bf4 a6 6. e3 Nc6 7. Bd3 Bg4 8. Qb3
Na5 9. Qc2 Nc6 10. h3 Bh5 11. Nge2 e6 12. O-O Bd6 13. Bxd6 Qxd6 14. Nf4 Nxd4
15. exd4 Qxf4 16. Qa4+ Nd7 17. Nxd5 exd5 18. Rfe1+ Kd8 19. Qa5+ Qc7 20. Qb4 Nb8
21. Re5 Bg6 22. Rxd5+ Nd7 23. Be2 Be4 24. Rg5 Qb6 25. Qd2 g6 26. d5 Rc8 27. d6
Rc2 28. Qe1 f5 29. Bf3 Bxf3 30. gxf3 Re8 31. Qf1 Ree2 32. Rg2 Ne5 33. Rc1 Nxf3+
34. Kh1 Rxc1 0-1

[Event "FIDE World Junior Chess Championship"]
[Site "Gandhinagar, India"]
[Date "2024.06.09"]
[Round "7.26"]
[White "Sulyok, Eszter"]
[Black "Saparya Ghosh"]
[Result "1-0"]
[WhiteElo "2100"]
[BlackElo "1833"]
[PlyCount "111"]
[EventDate "2024.??.??"]

1. d4 Nf6 2. Nc3 d5 3. Bf4 e6 4. e3 Bd6 5. Nge2 c6 6. h4 Qc7 7. Bxd6 Qxd6 8.
Nf4 Nbd7 9. Qd2 e5 10. dxe5 Nxe5 11. O-O-O b5 12. f3 O-O 13. Be2 Be6 14. g4 Qc7
15. Rdg1 Nfd7 16. h5 b4 17. Nb1 Qa5 18. g5 Bf5 19. Nd3 Nc4 20. Qxb4 Qxa2 21.
Qc3 Qa5 22. e4 Qxc3 23. Nxc3 Be6 24. Nf4 Rfe8 25. g6 Ne3 26. gxh7+ Kxh7 27.
exd5 cxd5 28. Bd3+ Bf5 29. Bxf5+ Nxf5 30. Nfxd5 f6 31. Nc7 Rac8 32. Nxe8 Rxe8
33. Ne4 Ne5 34. Rh3 Nd4 35. Re1 Rc8 36. Nc3 Ndxf3 37. Reh1 Ng5 38. Re3 Rc4 39.
Nd5 Rc5 40. Nf4 Rc4 41. Nd3 Nc6 42. b3 Rg4 43. Re8 Nd4 44. Re7 Kh6 45. Rxa7 Rg2
46. Ne1 Rf2 47. b4 Ne4 48. Kb2 Ng3 49. Rg1 Nxh5 50. Rg2 Rf1 51. Nd3 g5 52. Rd7
Nb5 53. c4 Rd1 54. cxb5 f5 55. Rd6+ Kh7 56. Rh2 1-0

[Event "FIDE World Junior Chess Championship"]
[Site "Gandhinagar, India"]
[Date "2024.06.10"]
[Round "8.18"]
[White "Gade Sharanya"]
[Black "Sulyok, Eszter"]
[Result "0-1"]
[WhiteElo "1849"]
[BlackElo "2100"]
[PlyCount "60"]
[EventDate "2024.??.??"]

1. d4 Nf6 2. c4 e6 3. Nc3 Bb4 4. Qc2 O-O 5. e4 d5 6. e5 Ne4 7. Bd3 c5 8. Nf3
cxd4 9. Nxd4 Nd7 10. O-O Nxe5 11. Bxe4 dxe4 12. Qxe4 Nxc4 13. Nc6 bxc6 14. Qxc4
Qe7 15. a3 Ba5 16. b4 Bc7 17. Rd1 a5 18. Be3 Ba6 19. Qxc6 Rfc8 20. Qe4 Bb7 21.
Qd4 Rd8 22. Qg4 Be5 23. Rac1 Rxd1+ 24. Nxd1 f5 25. Qc4 Bd5 26. Qb5 f4 27. Bd2
axb4 28. Bxb4 Qg5 29. Qf1 f3 30. Ne3 fxg2 0-1

[Event "FIDE World Junior Chess Championship"]
[Site "Gandhinagar, India"]
[Date "2024.06.11"]
[Round "9.11"]
[White "Sulyok, Eszter"]
[Black "Agajanova, Meryem"]
[Result "0-1"]
[WhiteElo "2100"]
[BlackElo "1955"]
[PlyCount "80"]
[EventDate "2024.??.??"]

1. d4 d5 2. Nc3 Nf6 3. Bf4 e6 4. Nb5 Na6 5. e3 Be7 6. Nf3 O-O 7. a3 Bd7 8. Ne5
c5 9. Nxd7 Qxd7 10. dxc5 Nxc5 11. Be2 Nfe4 12. f3 Nd6 13. Bxd6 Bxd6 14. b4 Na4
15. Nxd6 Qxd6 16. Qd4 e5 17. Qd2 Rfd8 18. O-O Rac8 19. Bd3 e4 20. Be2 Qb6 21.
Qd4 Rc3 22. fxe4 Rxe3 23. Qxb6 Nxb6 24. Bd3 dxe4 25. Kf2 Nd5 26. Bb5 Rc3 27.
Ba4 Ne3 28. Rfe1 Rd2+ 29. Re2 Rxe2+ 30. Kxe2 Nxg2 31. Rf1 g5 32. Rf5 h6 33. Bb3
Nf4+ 34. Kd2 Rh3 35. Bxf7+ Kg7 36. Bb3 e3+ 37. Ke1 Rxh2 38. Bc4 Rxc2 39. Rf7+
Kg6 40. Rxf4 Rc1+ 0-1

[Event "FIDE World Junior Chess Championship"]
[Site "Gandhinagar, India"]
[Date "2024.06.12"]
[Round "10.20"]
[White "Kriti Mayur Patel"]
[Black "Sulyok, Eszter"]
[Result "0-1"]
[WhiteElo "1691"]
[BlackElo "2100"]
[PlyCount "114"]
[EventDate "2024.??.??"]

1. e4 c5 2. c3 Nf6 3. e5 Nd5 4. d4 cxd4 5. Nf3 e6 6. cxd4 d6 7. Bc4 Be7 8. O-O
O-O 9. Qe2 Nc6 10. a3 Bd7 11. Nc3 Nxc3 12. bxc3 d5 13. Bd3 Na5 14. Be3 a6 15.
Nd2 Rc8 16. Rfc1 Re8 17. a4 Bc6 18. Qh5 g6 19. Qg4 b5 20. axb5 Bxb5 21. Bb1 Nc4
22. Nxc4 Bxc4 23. Qd1 Rc6 24. Bd3 Qa8 25. Bxc4 Rxc4 26. Ra4 Qc6 27. Rxc4 Qxc4
28. Bd2 Rb8 29. Qc2 a5 30. Ra1 a4 31. g3 a3 32. Ra2 Rb3 33. Kg2 Kg7 34. Kg1 h6
35. Kg2 Bg5 36. f4 Be7 37. Kf2 Qb5 38. Bc1 Rb1 39. Kg2 Qb3 40. Qd2 Rxc1 41. Kh3
Qd1 42. Qxd1 Rxd1 43. Rc2 Rb1 44. Ra2 Rc1 45. Kg4 Rxc3 46. h4 f5+ 47. Kh3 g5
48. hxg5 hxg5 49. Kg2 g4 50. Kh2 Rb3 51. Ra1 Bb4 52. Kg2 Bc3 53. Rc1 a2 54. Kf2
a1=Q 55. Rxc3 Rb2+ 56. Ke3 Qe1+ 57. Kd3 Rd2# 0-1